00802 a2200217 4500999001500000010001400015020002600029035001300055037001500068082001000083100002500093245009000118260003800208270006000246300002600306490004300332500005000375700001700425942003000442952011200472 c7742d7742 aENG-88177 c995.00a9788131302255 aEN-71710 bDBAD / PUB14a305.4 aAhoojapatel, Krishna1 aDevelopment has a woman's face:cby Krishna Ahoojapatelbinsights from within the UN/ aNew DelhibA P H Publishingc2007 a4435-36/7, Ansari Road, Darya Ganj,bNew Delhie110 002 axix, 412p.c22cm (Hb) aWorld societies in transition series-1 aIncludes bibliographical references and index aKhosla, I.P. adplcEN2ddch305.4 mAHO 001040718NFICaDBADbDBADeDBAD/PUBg995.00l0o305.4 AHOpEN-71710r2008-09-15 00:00:00t1v995.00yEN